000 00861cab a2200205 4500
001 WB2542-10
008 090401t1989 xxu||||| |||| 00| 0 eng d
035 _a(Sirsi) u71220
041 _aeng
245 _aCompensation for pp refusal
260 _c1989
350 _a0
490 _aEGCS
_v(1989) 134
520 _aIn ADC Estates Ltd v Camden LBC LT 11 September 1989 the tribunal held on three preliminary issues relating to compensation for refusal of planning permission : 1) the claim for compensation was made on 22 January 1985; 2) the premises should be regarded as a single building and 3) it was unnecessary to answer the third preliminary issue.
650 _aFLATS
650 _aROOF SPACE
690 _aENVIRONMENTAL AND LAND CONSULTANCY-PLANNING AND DEVELOPMENT-COMPULSORY PURCHASE AND COMPENSATION
942 _n0
948 _c04/03/1997
999 _c44869
_d44869